| 000 | 00717cam a2200241 a 4500 | ||
|---|---|---|---|
| 001 | 12760341 | ||
| 005 | 20130218111850.0 | ||
| 008 | 020430s2003 maua b 001 0 eng | ||
| 010 | _a 2002070995 | ||
| 020 | _a0071086609 | ||
| 020 | _a9780071086608 | ||
| 082 | 0 | 0 |
_a158.4 _222 _bMAN |
| 100 | 1 |
_aManning, George, _d1943- _932521 |
|
| 245 | 1 | 4 |
_aThe art of Leadership / _cGeorge Manning, Kent Curtis. |
| 250 | _a5th ed. | ||
| 260 |
_aBoston, Mass. : _bMcGraw-Hill/Irwin, _cc2012. |
||
| 300 |
_a503 p. : _bill. ; _c28 cm. |
||
| 504 | _aIncludes bibliographical references and index. | ||
| 650 | 0 |
_aLeadership. _932522 |
|
| 653 |
_bBus _cFebruary2013 |
||
| 700 | 1 |
_aCurtis, Kent, _d1939- _922497 |
|
| 942 |
_2ddc _cBB |
||
| 999 |
_c17268 _d17240 |
||